| 000 | 00404nam a22001697a 4500 | ||
|---|---|---|---|
| 005 | 20160614111250.0 | ||
| 008 | 160614b xxu||||| |||| 00| 0 eng d | ||
| 020 | _a0-340-81237-0 | ||
| 041 | _aeng | ||
| 082 | _b7358 | ||
| 100 |
_aRhodes, Reter S _91861 |
||
| 245 | _aSucceed at Psychometric Testing | ||
| 260 |
_bHodder & Storghton _c2008 |
||
| 300 | _a164 | ||
| 650 |
_aManagement _9241 |
||
| 942 | _cBK | ||
| 999 |
_c2613 _d2612 |
||